书目信息 |
| 题名: |
绝妙攻杀排局
|
|
| 作者: | 李〓 , 任云 著 | |
| 分册: | ||
| 出版信息: | 北京 团结出版社 1997 |
|
| 页数: | 270页 | |
| 开本: | 19cm | |
| 丛书名: | ||
| 单 册: | ||
| 中图分类: | G891.2 | |
| 科图分类: | 39.9963 | |
| 主题词: | 对局(棋类运动)-中国象棋 , 中国象棋-对局(棋类运动) | |
| 电子资源: | ||
| ISBN: | 7-80130-102-1 | |
| 000 | 00695nam0 2200253 45 | |
| 001 | 0198001972 | |
| 005 | 20070727144457.51 | |
| 010 | @a7-80130-102-1@dCNY12.00 | |
| 100 | @a19971224d1997 em y0chiy0121 ea | |
| 101 | 0 | @achi |
| 102 | @aCN@b110000 | |
| 105 | @ay z 000yy | |
| 200 | 10 | @a绝妙攻杀排局@Ajue miao gong sha pai ju@e240局@f李〓,任云著 |
| 210 | @a北京@c团结出版社@d1997 | |
| 215 | @a270页@d19cm | |
| 303 | @a〓=[氵更](geng) | |
| 606 | @a对局(棋类运动)-中国象棋 | |
| 606 | @a中国象棋-对局(棋类运动) | |
| 690 | @aG891.2@v3 | |
| 692 | @a39.9963@v2 | |
| 701 | 0 | @a李〓@Ali geng@4著 |
| 701 | 0 | @a任云@Aren yun@4著 |
| 801 | 0 | @aCN@bTSSF@c20070727 |
| 905 | @a10447@dG891.2@e263 | |
| 绝妙攻杀排局:240局/李〓,任云著.-北京:团结出版社,1997 |
| 270页;19cm |
| ISBN 7-80130-102-1:CNY12.00 |
| ● |
| 相关链接 |
|
|
|
|
正题名:绝妙攻杀排局
索取号:G891.2/263
 
预约/预借
| 序号 | 登录号 | 条形码 | 馆藏地/架位号 | 状态 | 备注 |
| 1 | 0783041 | 207830418 | 第一样本阅览室/ [索取号:G891.2/263] | 在馆 |